| 000 | 00606nam a22002052 4500 | ||
|---|---|---|---|
| 001 | 0000021126 | ||
| 005 | 20151217152226.0 | ||
| 008 | 120112s xx 000 0 eng d | ||
| 020 | _a0393050270 : | ||
| 040 |
_aKABU _cKABU |
||
| 100 | 1 |
_aCohen, Jon. _@0000181815 |
|
| 245 | 1 | 0 |
_aShots in the dark : _bthe wayward search for an aids vaccine / _cJon Cohen. |
| 250 | _a1st ed. | ||
| 260 |
_aNew York : _bW. W. Norton, _c2001. |
||
| 300 | _axvii, 440 p. | ||
| 650 | 0 |
_aAIDS vaccine. _@0000181816 |
|
| 852 | 1 | _9p1485 KES | |
| 908 | _a120112 | ||
| 950 | _@1 | ||
| 999 |
_c9556 _d9556 |
||